| 000 | 00401nam a22001577a 4500 | ||
|---|---|---|---|
| 003 | GBCCL | ||
| 005 | 20250618103528.0 | ||
| 008 | 250618b |||||||| |||| 00| 0 eng d | ||
| 040 | _cGBC | ||
| 082 |
_aVER 248 _bKHA 1 |
||
| 100 | _a Khaizakham, Kh | ||
| 245 |
_aPathian ei piak thagau anpha / _c Rev.Dr. kh. Khaizakham |
||
| 260 |
_aLamka : _bauthor, _c2025 |
||
| 300 | _a362p. ; | ||
| 942 |
_2ddc _cBK _n0 |
||
| 999 |
_c10869 _d10869 |
||